| 000 | 01224nam a22002177a 4500 | ||
|---|---|---|---|
| 999 |
_c59163 _d59163 |
||
| 003 | Ge_BSU | ||
| 005 | 20221201140248.0 | ||
| 008 | 221201s1978ge xxu||||| |||| 00| 0 geo d | ||
| 041 | _ageo | ||
| 080 | _a821-312.4 ს-17 | ||
| 245 |
_aსაზღვარგარეთული დეტექტივი / _c[თარგმ. ნ. ძოწენიძისა] , რედ. ნ.მამისაშვილი |
||
| 264 |
_aთბილისი : _bსაბჭ. საქართველო, _c1978. |
||
| 300 |
_a648 გვ. ; _b20 სმ. |
||
| 653 | _aმწვანე მოჩვენება / ჰაინერ რანკი | ||
| 653 | _aცალთვალა მოწმის ჩვენება / ერლ სტენლი გარდნერი. | ||
| 653 | _aყოველ ნაბიჯზე კონსტებლია /ნაიო მარში. | ||
| 653 | _aყველას თავისი ალიბი აქვს / ჯეორჯე ტიმკუ. | ||
| 700 |
_a ძოწენიძიე, ნ _eმთარგმნელი _916282 |
||
| 700 |
_aმამისაშვილი, ნ _eრედაქტორი _93802 |
||
| 942 |
_2udc _cBK |
||